000 00257nam a22001097a 4500
003 OSt
005 20260220135925.0
008 210119b ||||| |||| 00| 0 eng d
082 _a670.423
_bGEN
245 _aGeneral Engineering workshop practices
942 _cBK
999 _c16734
_d16734